Statystyki dla Żeńskie Imiona na literę D

Kliknij tutaj aby rozwiązać quiz!

Ogólne statystyki

  • Ten quiz został rozwiązany 459 razy
  • Średni wynik to 5 z 9

Statystyki odpowiedzi

Imiona% Poprawnych
Danuta
87%
Daria
86%
Dominika
76%
Dorota
72%
Dagmara
50%
Daniela
37%
Diana
36%
Dobrosława
23%
Dobromiła
16%

Rozkład punktacji

Percentyl według liczby udzielonych odpowiedzi

Procent ludzi z każdym wynikiem

Twoja historia wyników

Nie rozwiązałeś tego quizu